<?xml version="1.0" encoding="UTF-8"?>
<record
    xmlns:xsi="http://www.w3.org/2001/XMLSchema-instance"
    xsi:schemaLocation="http://www.loc.gov/MARC21/slim http://www.loc.gov/standards/marcxml/schema/MARC21slim.xsd"
    xmlns="http://www.loc.gov/MARC21/slim">

  <leader>01547nam a22002177a 4500</leader>
  <controlfield tag="005">20220129093520.0</controlfield>
  <controlfield tag="008">220125b           ||||| |||| 00| 0 eng d</controlfield>
  <datafield tag="020" ind1=" " ind2=" ">
    <subfield code="a">9781787467682</subfield>
  </datafield>
  <datafield tag="040" ind1=" " ind2=" ">
    <subfield code="c">AL</subfield>
  </datafield>
  <datafield tag="041" ind1=" " ind2=" ">
    <subfield code="a">eng</subfield>
  </datafield>
  <datafield tag="082" ind1=" " ind2=" ">
    <subfield code="2">23</subfield>
    <subfield code="a">158.1</subfield>
    <subfield code="b">WISH</subfield>
  </datafield>
  <datafield tag="100" ind1=" " ind2=" ">
    <subfield code="a">Elke Wiss</subfield>
    <subfield code="9">14719</subfield>
  </datafield>
  <datafield tag="245" ind1=" " ind2=" ">
    <subfield code="a">How to know everything</subfield>
  </datafield>
  <datafield tag="260" ind1=" " ind2=" ">
    <subfield code="a">London</subfield>
    <subfield code="b">Penguin Random House</subfield>
    <subfield code="c">2021</subfield>
  </datafield>
  <datafield tag="300" ind1=" " ind2=" ">
    <subfield code="a">vii,309p.</subfield>
    <subfield code="b">PB</subfield>
    <subfield code="c">19.5X12.8cm.</subfield>
  </datafield>
  <datafield tag="365" ind1=" " ind2=" ">
    <subfield code="2">General</subfield>
    <subfield code="a">4477</subfield>
    <subfield code="b">&#x20B9;389.22</subfield>
    <subfield code="c">&#x20B9;</subfield>
    <subfield code="d">&#x20B9;499.00</subfield>
    <subfield code="e">22%</subfield>
    <subfield code="f">18-12-2021</subfield>
  </datafield>
  <datafield tag="520" ind1=" " ind2=" ">
    <subfield code="a">In an increasingly polarized world, asking better questions in our daily and working lives is a radical shortcut to personal and professional success. It can create space for us to rethink our positions, find answers together, and even change our minds for the better.
Drawing on the lessons of Socrates and other great thinkers, practical philosopher Elke Wiss lays out an essential toolkit to help you:
* Transform debates into dialogues
* Embrace your doubts like a true philosopher
* Ditch your ego and become an active listener
* Discover an open and curious Socratic attitude
* Learn Sherlock Holmes's powers of observation
* Open conversations up or dig down deeper with key question types
* Explore thorny issues and avoid classic question pitfalls
* Face your fear of asking and start connecting
The right questions can unlock the answers to anything - and help you know everything, without being a know-it-all.</subfield>
  </datafield>
  <datafield tag="650" ind1=" " ind2=" ">
    <subfield code="2">Applied psychology</subfield>
    <subfield code="a">Psychology</subfield>
    <subfield code="9">14720</subfield>
  </datafield>
  <datafield tag="700" ind1=" " ind2=" ">
    <subfield code="a">Doherty,David,Tr.</subfield>
    <subfield code="9">14721</subfield>
  </datafield>
  <datafield tag="942" ind1=" " ind2=" ">
    <subfield code="2">ddc</subfield>
    <subfield code="c">BK</subfield>
  </datafield>
  <datafield tag="999" ind1=" " ind2=" ">
    <subfield code="c">221342</subfield>
    <subfield code="d">221342</subfield>
  </datafield>
  <datafield tag="952" ind1=" " ind2=" ">
    <subfield code="0">0</subfield>
    <subfield code="1">0</subfield>
    <subfield code="2">ddc</subfield>
    <subfield code="4">0</subfield>
    <subfield code="7">0</subfield>
    <subfield code="8">GEN</subfield>
    <subfield code="a">SACPG</subfield>
    <subfield code="b">SACPG</subfield>
    <subfield code="d">2021-12-30</subfield>
    <subfield code="e">Biblios Book Point</subfield>
    <subfield code="g">389.22</subfield>
    <subfield code="l">4</subfield>
    <subfield code="o">158.1 WISH</subfield>
    <subfield code="p">PG023507</subfield>
    <subfield code="r">2026-02-16 15:16:43</subfield>
    <subfield code="s">2026-02-06</subfield>
    <subfield code="v">499.00</subfield>
    <subfield code="w">2022-01-25</subfield>
    <subfield code="y">BK</subfield>
  </datafield>
</record>
